000 00681nam a22002177a 4500
003 OSt
005 20251202084610.0
008 251202b |||||||| |||| 00| 0 eng d
020 _a0-256-09390-3.
040 _aDWCL-Main lib
_cOC
082 _24th ed.
_aCirc. 658.054 In43i 1991
100 _aWatson, Hugh J.
245 _aInformation systems for management :
_ba book of readings/
_cWatson, Hugh J.
260 _aIllinois :
_bIrwin,
_cc1991.
300 _axi, 436 p. :
_bill. ;
_c23 cm.
650 _aBusiness-Data processing.
650 _aManagement information systems.
700 _aCarroll Archie B.
700 _aMann, Robert I.
942 _2ddc
_cBK-CIRC
_e4th ed.
_kCirc.
_n0
999 _c6679
_d6679